00314nam a22001217a 450000500170000000800410001704000080005808200180006610000180008424500410010226000370014330000120018020231212152115.0190125b ||||| |||| 00| 0 eng d cDLC a891.4393bHIJ aNaseem Hijazi aYousaf Bin Tashfeen /cNaseem Hijazi aLahore :bJahangir Books,c[N.D] a480p. :